[Event "1st 4NCL International"]
[Site "Telford"]
[Date "2018.10.31"]
[Round "1"]
[Board "1"]
[White "Willow, Jonah B"]
[Black "Korneev, Oleg"]
[Result "1/2-1/2"]
[WhiteElo "2271"]
[BlackElo "2560"]
[PlyCount "81"]
[EventDate "2018.10.31"]
[EventRounds "9"]
[EventCountry "ENG"]

1. e4 e5 2. Nf3 Nc6 3. Nc3 Nf6 4. Bb5 Bd6 5. d3 h6 6. a3 a6 7. Ba4 b5 8. Bb3
Bb7 9. O-O O-O 10. Ne2 Re8 11. Ng3 Bf8 12. Bd2 d5 13. Re1 dxe4 14. dxe4 Nd4 15.
Nxd4 Qxd4 16. Bc3 Qxd1 17. Raxd1 c5 18. Bd5 Nxd5 19. exd5 Rad8 20. Rxe5 Rxe5
21. Bxe5 f6 22. Bc7 Rxd5 23. Rxd5 Bxd5 24. Nf5 Be4 25. Ne3 Kf7 26. f3 Bc6 27.
Kf2 h5 28. Ke2 Ke6 29. Nd1 b4 30. c4 Kd7 31. Bb8 g5 32. h3 Ba4 33. Ne3 h4 34.
Nd5 Bb3 35. Kd3 f5 36. Be5 a5 37. Bf6 Bh6 38. Be7 Bg7 39. Bf6 Bh6 40. Be7 Bg7
41. Bf6  1/2-1/2

[Event "1st 4NCL International"]
[Site "Telford"]
[Date "2018.10.31"]
[Round "1"]
[Board "2"]
[White "Turner, Matthew J"]
[Black "Wall, Tim P"]
[Result "1-0"]
[WhiteElo "2536"]
[BlackElo "2253"]
[PlyCount "87"]
[EventDate "2018.10.31"]
[EventRounds "9"]
[EventCountry "ENG"]

1. g3 f5 2. Bg2 Nf6 3. d3 e5 4. c4 Be7 5. Nc3 O-O 6. e3 d6 7. Nge2 Qe8 8. O-O
c6 9. f4 Kh8 10. b3 Be6 11. e4 fxe4 12. dxe4 exf4 13. Nxf4 Bg4 14. Qd2 Na6 15.
h3 Bd7 16. Ba3 Rd8 17. Rae1 Bc8 18. Qe3 Nh5 19. Nxh5 Qxh5 20. e5 Rxf1+ 21. Rxf1
Nc5 22. Rd1 b6 23. exd6 Bf6 24. g4 Qh4 25. Bxc5 bxc5 26. Ne4 Bd4 27. Rxd4 cxd4
28. Qxd4 h5 29. Qxa7 Qe1+ 30. Kh2 hxg4 31. Qe7 Rg8 32. hxg4 Bxg4 33. d7 Bxd7
34. Qxd7 Ra8 35. Qh3+ Kg8 36. Ng5 Qe5+ 37. Qg3 Qxg3+ 38. Kxg3 Rxa2 39. Bxc6 Rb2
40. Bd5+ Kf8 41. c5 Ke7 42. Kf4 Rf2+ 43. Ke5 Re2+ 44. Ne4  1-0

[Event "1st 4NCL International"]
[Site "Telford"]
[Date "2018.10.31"]
[Round "1"]
[Board "3"]
[White "Mihalik, Agoston"]
[Black "Gonda, Laszlo"]
[Result "0-1"]
[WhiteElo "2223"]
[BlackElo "2528"]
[PlyCount "50"]
[EventDate "2018.10.31"]
[EventRounds "9"]
[EventCountry "ENG"]

1. e4 c5 2. Nf3 e6 3. b3 b6 4. Bd3 Bb7 5. O-O Nc6 6. Re1 Nh6 7. Bb2 f6 8. Bf1
Be7 9. c3 f5 10. e5 O-O 11. d4 cxd4 12. cxd4 Nb4 13. Nfd2 Qe8 14. Nc3 Qg6 15.
g3 f4 16. Nde4 Ng4 17. a3 Nd5 18. Bg2 fxg3 19. fxg3 Nde3 20. Qe2 Nxg2 21. Qxg2
Kh8 22. Qe2 Rf5 23. h3 Nf2 24. Kh2 Nxe4 25. Nxe4 Bxe4  0-1

[Event "1st 4NCL International"]
[Site "Telford"]
[Date "2018.10.31"]
[Round "1"]
[Board "4"]
[White "Fodor, Tamas Jr"]
[Black "Richardson, John R"]
[Result "1-0"]
[WhiteElo "2520"]
[BlackElo "2213"]
[PlyCount "73"]
[EventDate "2018.10.31"]
[EventRounds "9"]
[EventCountry "ENG"]

1. c4 Nf6 2. Nc3 e6 3. e4 c5 4. e5 Ng8 5. Nf3 Nc6 6. d4 cxd4 7. Nxd4 Nxe5 8.
Ndb5 a6 9. Nd6+ Bxd6 10. Qxd6 f6 11. Be3 Ne7 12. Bb6 Nf7 13. Ne4 Nf5 14. Qb4
Qe7 15. c5 O-O 16. O-O-O Ne5 17. Nd6 Nxd6 18. cxd6 Qf7 19. f4 Nc6 20. Qc5 f5
21. Bc4 a5 22. g3 Qh5 23. Rd2 Nb4 24. Re1 Kh8 25. Kb1 h6 26. a3 Nc6 27. Rg1 Qg6
28. Ka1 a4 29. Rdg2 Na5 30. Bxa5 b5 31. Bc3 bxc4 32. g4 Bb7 33. gxf5 Qxg2 34.
Rxg2 Bxg2 35. Qg1 Rxf5 36. Qxg2 Rg8 37. Qg6  1-0

[Event "1st 4NCL International"]
[Site "Telford"]
[Date "2018.10.31"]
[Round "1"]
[Board "5"]
[White "Britton, Richard"]
[Black "Dgebuadze, Alexandre"]
[Result "0-1"]
[WhiteElo "2204"]
[BlackElo "2484"]
[PlyCount "36"]
[EventDate "2018.10.31"]
[EventRounds "9"]
[EventCountry "ENG"]

1. e4 e6 2. d4 d5 3. Nc3 Bb4 4. e5 Ne7 5. a3 Bxc3+ 6. bxc3 c5 7. h4 Nd7 8. h5
f6 9. h6 g6 10. exf6 Nxf6 11. Nf3 O-O 12. dxc5 Qa5 13. Bd3 e5 14. Ng5 Bg4 15.
Qd2 e4 16. Bf1 Rad8 17. Rb1 e3 18. fxe3 Qc7  0-1

[Event "1st 4NCL International"]
[Site "Telford"]
[Date "2018.10.31"]
[Round "1"]
[Board "6"]
[White "Gormally, Daniel W"]
[Black "Hill, Alistair"]
[Result "1-0"]
[WhiteElo "2482"]
[BlackElo "2203"]
[PlyCount "111"]
[EventDate "2018.10.31"]
[EventRounds "9"]
[EventCountry "ENG"]

1. e4 e6 2. d4 d5 3. e5 c5 4. c3 Bd7 5. Bd3 Qb6 6. dxc5 Bxc5 7. Qe2 a6 8. Nf3
h5 9. O-O Nh6 10. Nbd2 Nc6 11. b4 Be7 12. Nb3 Rc8 13. a4 Qc7 14. b5 Na5 15.
Nxa5 Qxa5 16. bxa6 bxa6 17. Bxa6 Ra8 18. Bxh6 Qxa6 19. Qxa6 Rxa6 20. Bxg7 Rg8
21. Bf6 Bxf6 22. exf6 Rg6 23. Rfb1 Rxf6 24. a5 Kd8 25. Rb6 Bc8 26. Rxa6 Bxa6
27. Rb1 Kc7 28. Rb6 Be2 29. Nd4 Bd3 30. Rc6+ Kb7 31. f3 Rg6 32. Rb6+ Kc7 33.
Nc6 Rg8 34. Ne5 Bf5 35. Rc6+ Kb7 36. a6+ Ka7 37. Nxf7 Rb8 38. Nd6 Bd3 39. Nc8+
Ka8 40. Nb6+ Ka7 41. Nd7 Rb1+ 42. Kf2 Rb2+ 43. Kg3 Bxa6 44. Rxe6 Bf1 45. h4
Rxg2+ 46. Kf4 Rc2 47. Re3 Kb7 48. Nf6 Kc6 49. Nxh5 Kc5 50. Nf6 Kc4 51. Re7 Rd2
52. Rc7+ Kb3 53. h5 Bc4 54. h6 Rh2 55. h7 Kxc3 56. Rc8  1-0

[Event "1st 4NCL International"]
[Site "Telford"]
[Date "2018.10.31"]
[Round "1"]
[Board "7"]
[White "Stepanyan, Henrik"]
[Black "Fernandez, Daniel H"]
[Result "0-1"]
[WhiteElo "2158"]
[BlackElo "2461"]
[PlyCount "112"]
[EventDate "2018.10.31"]
[EventRounds "9"]
[EventCountry "ENG"]

1. d4 d6 2. Nc3 g6 3. e4 a6 4. Nf3 b5 5. Bd3 Bb7 6. Ne2 c5 7. c4 cxd4 8. Nexd4
Nf6 9. cxb5 Bxe4 10. Bxe4 Nxe4 11. O-O Bg7 12. Re1 d5 13. Ng5 O-O 14. Nxe4 dxe4
15. Be3 axb5 16. Nxb5 Qxd1 17. Rexd1 Bxb2 18. Rab1 Bg7 19. Na7 Na6 20. Rb7 Rfd8
21. Rdd7 e6 22. Nc6 Rxd7 23. Rxd7 Bf8 24. Ra7 Rxa7 25. Nxa7 f5 26. Nb5 Kf7 27.
Kf1 e5 28. g3 Ke6 29. Nc3 Bb4 30. Na4 Nc7 31. Ke2 Nd5 32. Bd2 Kd6 33. Bxb4+
Nxb4 34. Nc3 Kc5 35. Na4+ Kd4 36. a3 Nc2 37. Nb6 Nxa3 38. Nd7 f4 39. gxf4 exf4
40. Nf8 f3+ 41. Kf1 Ke5 42. Nxh7 Nc2 43. Ng5 Nb4 44. Nf7+ Ke6 45. Ng5+ Kd5 46.
Nh3 Nd3 47. Ng5 Ke5 48. Nf7+ Ke6 49. Ng5+ Kd5 50. Nh3 Ke5 51. Ng5 Nc5 52. Nf7+
Ke6 53. Ng5+ Kf6 54. Nh7+ Kf5 55. Nf8 g5 56. Ke1 Kf6  0-1

[Event "1st 4NCL International"]
[Site "Telford"]
[Date "2018.10.31"]
[Round "1"]
[Board "8"]
[White "Williams, Simon K"]
[Black "Ferrington, Nigel M"]
[Result "1-0"]
[WhiteElo "2457"]
[BlackElo "2130"]
[PlyCount "141"]
[EventDate "2018.10.31"]
[EventRounds "9"]
[EventCountry "ENG"]

1. d4 d5 2. Nc3 Nf6 3. Bf4 e6 4. e3 Bd6 5. Bd3 Bxf4 6. exf4 c5 7. dxc5 O-O 8.
Nf3 Qc7 9. Qd2 Qxc5 10. Qe3 Qb4 11. O-O Nc6 12. a3 Qd6 13. Nb5 Qe7 14. Rfe1 Re8
15. Ne5 a6 16. Nd4 Nxd4 17. Qxd4 Nd7 18. b4 Nf8 19. Re3 f6 20. Nf3 Rd8 21. a4
Bd7 22. Nd2 a5 23. b5 Be8 24. Nb3 Bf7 25. Rae1 Qd6 26. Rh3 b6 27. Qe3 Qb4 28.
Nd4 Qxa4 29. Nc6 Re8 30. g3 d4 31. Qxd4 Qxd4 32. Nxd4 e5 33. fxe5 Rxe5 34. Ra1
Bd5 35. f4 Ree8 36. Kf2 g6 37. g4 Ne6 38. Nxe6 Bxe6 39. f5 Bf7 40. Ra4 g5 41.
Re3 Rxe3 42. Kxe3 Rd8 43. c4 Re8+ 44. Be4 Re5 45. Kd4 Kf8 46. Ra3 Bxc4 47. Kxc4
Rxe4+ 48. Kd5 Rxg4 49. Kc6 Rf4 50. Kxb6 Rxf5 51. Kxa5 Rf2 52. b6 Rxh2 53. Kb4
Rb2+ 54. Rb3 Re2 55. b7 Re8 56. Rc3 Kf7 57. Rc8 Re1 58. b8=Q Rb1+ 59. Kc4 Rxb8
60. Rxb8 Kg6 61. Kd4 Kf5 62. Rh8 Kf4 63. Rxh7 g4 64. Kd3 Kf3 65. Kd2 Kf2 66.
Rf7 g3 67. Rxf6+ Kg1 68. Ke2 g2 69. Rg6 Kh2 70. Kf2 Kh1 71. Rh6#  1-0

[Event "1st 4NCL International"]
[Site "Telford"]
[Date "2018.10.31"]
[Round "1"]
[Board "9"]
[White "Burrows, Martin P"]
[Black "Krishna, Crg"]
[Result "0-1"]
[WhiteElo "2121"]
[BlackElo "2445"]
[PlyCount "66"]
[EventDate "2018.10.31"]
[EventRounds "9"]
[EventCountry "ENG"]

1. e4 e6 2. d4 d5 3. Nc3 Bb4 4. e5 c5 5. a3 Bxc3+ 6. bxc3 Qa5 7. Bd2 Qa4 8. Qg4
Kf8 9. Qd1 b6 10. c4 Ne7 11. dxc5 bxc5 12. c3 Qxd1+ 13. Rxd1 Ba6 14. cxd5 Bxf1
15. Kxf1 Nxd5 16. Nf3 Nd7 17. Ke2 Ke7 18. c4 N5b6 19. Rc1 h6 20. h4 Rab8 21.
Be3 Na4 22. Rhd1 Rb3 23. Rd3 Rhb8 24. Rxb3 Rxb3 25. Nd2 Rxa3 26. Ne4 Nxe5 27.
Nxc5 Rxe3+ 28. Kxe3 Nxc5 29. f4 Nc6 30. h5 a5 31. Rc3 f5 32. Ra3 Kd6 33. Kd2
Ne4+  0-1

[Event "1st 4NCL International"]
[Site "Telford"]
[Date "2018.10.31"]
[Round "1"]
[Board "10"]
[White "Arkell, Keith C"]
[Black "Ahluwalia, Amardip"]
[Result "1-0"]
[WhiteElo "2436"]
[BlackElo "2085"]
[PlyCount "139"]
[EventDate "2018.10.31"]
[EventRounds "9"]
[EventCountry "ENG"]

1. Nf3 Nf6 2. c4 g6 3. g3 Bg7 4. Bg2 O-O 5. d4 c6 6. O-O d5 7. Nbd2 Ne4 8. e3
Nxd2 9. Nxd2 e6 10. b4 a5 11. b5 Bd7 12. a4 dxc4 13. bxc6 Bxc6 14. Bxc6 bxc6
15. Ba3 Re8 16. Nxc4 Na6 17. Rc1 Nb4 18. Bxb4 axb4 19. Qb3 Rb8 20. Rfd1 Qd5 21.
Nd2 Bf8 22. Rc2 Rec8 23. Rdc1 Qd7 24. Ne4 Be7 25. Nc5 Qd5 26. Qxd5 cxd5 27. Nb3
Rxc2 28. Rxc2 Ra8 29. a5 Ra6 30. Rc8+ Kg7 31. Kf1 Kf6 32. Ke2 Bd6 33. g4 Ke7
34. h4 h6 35. h5 gxh5 36. gxh5 Kf6 37. f4 Kf5 38. Kf3 Kf6 39. Kg4 Ke7 40. f5
Kf6 41. fxe6 fxe6 42. Kf3 Kg5 43. Re8 Kf6 44. Rg8 Kf7 45. Rg6 Bf8 46. Rg1 Bd6
47. Rg6 Bf8 48. Rg2 Bd6 49. Rg1 Be7 50. Rc1 Bd6 51. e4 dxe4+ 52. Kxe4 Kf6 53.
Rg1 Kf7 54. Rg6 Bc7 55. Rg1 Bd6 56. Rc1 Kf6 57. d5 exd5+ 58. Kxd5 Kg5 59. Rc6
Rxc6 60. Kxc6 Bf4 61. Kb5 Be3 62. Kxb4 Ba7 63. Kc4 Kxh5 64. Nd4 Bb8 65. a6 Ba7
66. Nc6 Bb6 67. Kb5 Bf2 68. Ne5 Kg5 69. Kc4 h5 70. Nf3+  1-0

[Event "1st 4NCL International"]
[Site "Telford"]
[Date "2018.10.31"]
[Round "1"]
[Board "12"]
[White "Hebden, Mark L"]
[Black "Ratnesan, Ranesh"]
[Result "1-0"]
[WhiteElo "2426"]
[BlackElo "1994"]
[PlyCount "29"]
[EventDate "2018.10.31"]
[EventRounds "9"]
[EventCountry "ENG"]

1. d4 d5 2. c4 c6 3. e3 Nf6 4. Nc3 dxc4 5. Bxc4 e5 6. Qb3 Qe7 7. dxe5 Ng4 8.
Nf3 Nd7 9. Bxf7+ Qxf7 10. e6 Qe7 11. exd7+ Qxd7 12. h3 Nf6 13. O-O Bd6 14. e4
Bc5 15. e5  1-0

[Event "1st 4NCL International"]
[Site "Telford"]
[Date "2018.10.31"]
[Round "1"]
[Board "13"]
[White "Zabrocki, Philip Am"]
[Black "Pert, Richard G"]
[Result "0-1"]
[WhiteElo "1952"]
[BlackElo "2408"]
[PlyCount "74"]
[EventDate "2018.10.31"]
[EventRounds "9"]
[EventCountry "ENG"]

1. e4 c5 2. Nc3 Nc6 3. g3 g6 4. Bg2 Bg7 5. d3 d6 6. f4 e6 7. Nf3 Nge7 8. O-O
O-O 9. Be3 Nd4 10. Rb1 b6 11. Ne2 Nxf3+ 12. Bxf3 Bb7 13. c3 Qd7 14. a3 Rad8 15.
Qd2 f5 16. Qc2 Rc8 17. g4 d5 18. gxf5 exf5 19. e5 Nc6 20. d4 Na5 21. Bf2 Qe7
22. Rfd1 Rfd8 23. Qa4 Bc6 24. Qc2 Bf8 25. dxc5 bxc5 26. b4 Nc4 27. Bxc5 Qe8 28.
Qa2 Bxc5+ 29. bxc5 Qe7 30. Nd4 Qxc5 31. Kh1 Ba8 32. Rb5 Qe7 33. Nc2 Qh4 34.
Bxd5+ Rxd5 35. Rbxd5 Bxd5+ 36. Rxd5 Qxf4 37. Ne3 Qe4+  0-1

[Event "1st 4NCL International"]
[Site "Telford"]
[Date "2018.10.31"]
[Round "1"]
[Board "14"]
[White "Eggleston, David J"]
[Black "Jamieson, Ian M"]
[Result "1-0"]
[WhiteElo "2406"]
[BlackElo "1947"]
[PlyCount "53"]
[EventDate "2018.10.31"]
[EventRounds "9"]
[EventCountry "ENG"]

1. e4 e6 2. d4 d5 3. Nc3 Nf6 4. Bg5 Be7 5. e5 Nfd7 6. h4 Nc6 7. Nf3 a6 8. Qd2
b5 9. Bd3 Nb6 10. Ne2 b4 11. Bxe7 Qxe7 12. Nf4 a5 13. Nh5 Qf8 14. Qg5 Ba6 15.
Nxg7+ Kd7 16. Nh5 h6 17. Qd2 Nc4 18. Nf6+ Kc8 19. Qe2 Nb8 20. Rb1 c5 21. dxc5
Qxc5 22. O-O Bb7 23. Rfc1 Nd7 24. c3 Nxf6 25. cxb4 axb4 26. Bxc4 Kb8 27. Bd3
 1-0

[Event "1st 4NCL International"]
[Site "Telford"]
[Date "2018.10.31"]
[Round "1"]
[Board "15"]
[White "Bennett, Dominic L"]
[Black "Roberson, Peter T"]
[Result "0-1"]
[WhiteElo "1933"]
[BlackElo "2396"]
[PlyCount "86"]
[EventDate "2018.10.31"]
[EventRounds "9"]
[EventCountry "ENG"]

1. c4 Nf6 2. e3 e6 3. Nf3 d5 4. Be2 c5 5. cxd5 exd5 6. d4 Nc6 7. O-O Bd6 8. b3
cxd4 9. Nxd4 Qe7 10. Bb2 O-O 11. Nxc6 bxc6 12. Qd4 a5 13. Rc1 c5 14. Qh4 Be5
15. Bxe5 Qxe5 16. Nc3 d4 17. Bf3 Rb8 18. exd4 cxd4 19. Re1 Qc5 20. Na4 Qb4 21.
Red1 Rd8 22. Be4 Be6 23. Bd3 Rbc8 24. h3 h6 25. g4 Nd5 26. g5 Qe7 27. f4 Ne3
28. Re1 f5 29. Rac1 Qb7 30. Qg3 hxg5 31. Nc5 gxf4 32. Qg5 Qd5 33. Nxe6 Qxe6 34.
Bc4 Rxc4 35. Qxd8+ Kf7 36. Kh2 Qc6 37. Rxe3 Rc2+ 38. Rxc2 Qxc2+ 39. Kh1 Qc1+
40. Kh2 Qxe3 41. Qd7+ Kg6 42. Qc6+ Kh7 43. Qd7 Qg3+  0-1

[Event "1st 4NCL International"]
[Site "Telford"]
[Date "2018.10.31"]
[Round "1"]
[Board "16"]
[White "Rahul, Srivatshav P"]
[Black "Paul, Nathanael"]
[Result "1-0"]
[WhiteElo "2395"]
[BlackElo "1890"]
[PlyCount "94"]
[EventDate "2018.10.31"]
[EventRounds "9"]
[EventCountry "ENG"]

1. d4 d5 2. c4 c6 3. Nc3 Nf6 4. e3 Bf5 5. cxd5 cxd5 6. Qb3 Bc8 7. Nf3 e6 8. Bd2
Nc6 9. Bd3 Be7 10. O-O O-O 11. Rad1 b6 12. Qa4 Nb4 13. Bb5 a6 14. a3 Bb7 15.
Be2 b5 16. Qb3 Nc6 17. Rc1 Na5 18. Qa2 Nc4 19. Nb1 Ne4 20. b3 Ncxd2 21. Nfxd2
Nxd2 22. Qxd2 b4 23. a4 Qb6 24. Bd3 Rfc8 25. Qb2 a5 26. Nd2 Ba6 27. Bxa6 Qxa6
28. Nf3 f6 29. Rfd1 Rxc1 30. Rxc1 Rc8 31. Rc2 Kf7 32. Qc1 Rxc2 33. Qxc2 g6 34.
g4 Bd6 35. h4 Qb7 36. h5 Qc7 37. Qb1 Qc3 38. Kg2 Kg7 39. g5 Qc8 40. hxg6 hxg6
41. Qh1 fxg5 42. Nxg5 e5 43. Qh7+ Kf6 44. Qh4 Kg7 45. dxe5 Bxe5 46. f4 Qc2+ 47.
Kg3 Qc7  1-0

[Event "1st 4NCL International"]
[Site "Telford"]
[Date "2018.10.31"]
[Round "1"]
[Board "17"]
[White "Rahulan, Thivyaa"]
[Black "Macklin, Paul"]
[Result "0-1"]
[WhiteElo "1868"]
[BlackElo "2361"]
[PlyCount "60"]
[EventDate "2018.10.31"]
[EventRounds "9"]
[EventCountry "ENG"]

1. c4 e5 2. Nc3 Nc6 3. Nf3 Nf6 4. g3 Bc5 5. Bg2 d6 6. O-O a6 7. a3 O-O 8. b4
Ba7 9. Bb2 Re8 10. Rc1 Rb8 11. d3 Bg4 12. h3 Bd7 13. Qd2 b5 14. cxb5 axb5 15.
e3 Ne7 16. d4 e4 17. Ne1 Ned5 18. Nc2 Nb6 19. Na1 Nc4 20. Qc2 d5 21. Nb3 h5 22.
Nd2 Nxd2 23. Qxd2 Rb6 24. Ra1 h4 25. a4 Bb8 26. a5 Ra6 27. g4 Nxg4 28. hxg4 h3
29. Bxh3 Qh4 30. Kg2 Bxg4  0-1

[Event "1st 4NCL International"]
[Site "Telford"]
[Date "2018.10.31"]
[Round "1"]
[Board "18"]
[White "Gourlay, Iain"]
[Black "Jukes, Sam"]
[Result "1-0"]
[WhiteElo "2358"]
[BlackElo "1863"]
[PlyCount "49"]
[EventDate "2018.10.31"]
[EventRounds "9"]
[EventCountry "ENG"]

1. Nf3 d5 2. g3 Nf6 3. Bg2 c6 4. c4 dxc4 5. O-O Nbd7 6. Na3 Nb6 7. Qc2 Qd5 8.
b3 cxb3 9. axb3 Bf5 10. d3 Qd8 11. Nc4 Nxc4 12. bxc4 e6 13. Be3 Bd6 14. Rfb1
Ng4 15. Bg5 f6 16. c5 Be5 17. Nxe5 Nxe5 18. Bf4 Nxd3 19. Rd1 Qd4 20. exd3 Bg4
21. Re1 e5 22. Ra4 Qd7 23. Bxe5 fxe5 24. Rxe5+ Kd8 25. Qc3  1-0

[Event "1st 4NCL International"]
[Site "Telford"]
[Date "2018.10.31"]
[Round "1"]
[Board "19"]
[White "Ther, Mate"]
[Black "Ravi, Teja S."]
[Result "0-1"]
[WhiteElo "1759"]
[BlackElo "2357"]
[PlyCount "42"]
[EventDate "2018.10.31"]
[EventRounds "9"]
[EventCountry "ENG"]

1. e4 c6 2. d4 d5 3. exd5 cxd5 4. Bd3 Nc6 5. c3 Qc7 6. Ne2 Bg4 7. f3 Bd7 8. Bf4
e5 9. Bg3 Bd6 10. Qd2 Nge7 11. Qg5 Ng6 12. O-O O-O 13. Rd1 Rae8 14. dxe5 Ngxe5
15. Nd4 Nxd4 16. cxd4 Nxd3 17. Bxd6 Qxd6 18. Rxd3 Re1+ 19. Kf2 Rfe8 20. Rd2
Qxh2 21. a3 Rf1+  0-1

[Event "1st 4NCL International"]
[Site "Telford"]
[Date "2018.10.31"]
[Round "1"]
[Board "20"]
[White "Kulkarni, Rakesh"]
[Black "Akeya-Price, Robert A"]
[Result "1-0"]
[WhiteElo "2297"]
[BlackElo "1730"]
[PlyCount "43"]
[EventDate "2018.10.31"]
[EventRounds "9"]
[EventCountry "ENG"]

1. Nf3 Nf6 2. g3 e6 3. Bg2 d5 4. O-O Be7 5. c4 O-O 6. d4 Nbd7 7. Nc3 c6 8. b3
b6 9. Bb2 Bb7 10. Qc2 c5 11. dxc5 Nxc5 12. Rad1 Qc8 13. cxd5 Nxd5 14. Nb5 Na6
15. Qb1 Rd8 16. Ne5 Ndb4 17. Rxd8+ Bxd8 18. Rc1 Nc5 19. Nd6 Qb8 20. Nxb7 Nxb7
21. Nd7 Qd6 22. Bxb7  1-0

[Event "1st 4NCL International"]
[Site "Telford"]
[Date "2018.11.01"]
[Round "2"]
[Board "1"]
[White "Pert, Richard G"]
[Black "Turner, Matthew J"]
[Result "1/2-1/2"]
[WhiteElo "2408"]
[BlackElo "2536"]
[PlyCount "25"]
[EventDate "2018.10.31"]
[EventRounds "9"]
[EventCountry "ENG"]

1. d4 d5 2. c4 c6 3. Nc3 Nf6 4. Nf3 g6 5. cxd5 cxd5 6. Bf4 a6 7. e3 Bg7 8. h3
O-O 9. Bd3 Nc6 10. O-O Bf5 11. Bxf5 gxf5 12. Ne5 Rc8 13. Rc1  1/2-1/2

[Event "1st 4NCL International"]
[Site "Telford"]
[Date "2018.11.01"]
[Round "2"]
[Board "2"]
[White "Gonda, Laszlo"]
[Black "Hebden, Mark L"]
[Result "1/2-1/2"]
[WhiteElo "2528"]
[BlackElo "2426"]
[PlyCount "51"]
[EventDate "2018.10.31"]
[EventRounds "9"]
[EventCountry "ENG"]

1. Nf3 Nf6 2. g3 g6 3. Bg2 Bg7 4. c4 O-O 5. d4 d6 6. Nc3 Nbd7 7. O-O e5 8. e4
c6 9. h3 Qa5 10. Re1 exd4 11. Nxd4 Ne5 12. Bf1 Qb6 13. Kg2 Re8 14. Be3 c5 15.
Ndb5 Rd8 16. Bg5 Be6 17. Nd5 Bxd5 18. cxd5 a6 19. Nc3 Qxb2 20. Na4 Qd4 21. Qxd4
cxd4 22. Nb6 Rab8 23. Rab1 d3 24. f4 d2 25. Red1 Ned7 26. Nxd7  1/2-1/2

[Event "1st 4NCL International"]
[Site "Telford"]
[Date "2018.11.01"]
[Round "2"]
[Board "3"]
[White "Roberson, Peter T"]
[Black "Fodor, Tamas Jr"]
[Result "1-0"]
[WhiteElo "2396"]
[BlackElo "2520"]
[PlyCount "89"]
[EventDate "2018.10.31"]
[EventRounds "9"]
[EventCountry "ENG"]

1. e4 e5 2. Nf3 Nc6 3. Bb5 a6 4. Ba4 Nf6 5. O-O Be7 6. Re1 b5 7. Bb3 d6 8. c3
O-O 9. h3 Nd7 10. d4 Nb6 11. Nbd2 Bf6 12. Nf1 Na5 13. Bc2 c5 14. Ng3 g6 15. b3
Nc6 16. Be3 Nd7 17. Qd2 Qc7 18. Rac1 Re8 19. Red1 Nd8 20. Nh2 Nf8 21. f4 exf4
22. Bxf4 b4 23. e5 dxe5 24. Ne4 Bg7 25. Bxe5 bxc3 26. Qg5 Rxe5 27. dxe5 Nde6
28. Nf6+ Kh8 29. Qe3 Bb7 30. Qxc3 Nf4 31. Bd3 Bxg2 32. Qxc5 Qb7 33. Nhg4 Bxf6
34. exf6 Bxh3 35. Qf2 N8e6 36. Ne5 Bg4 37. Bf1 Bxd1 38. Rxd1 Qc7 39. Qe3 Kg8
40. Rd7 Qc2 41. Nxf7 Rf8 42. Qa7 g5 43. Nh6+ Kh8 44. Rg7 Nd8 45. Qe7  1-0

[Event "1st 4NCL International"]
[Site "Telford"]
[Date "2018.11.01"]
[Round "2"]
[Board "5"]
[White "Macklin, Paul"]
[Black "Gormally, Daniel W"]
[Result "0-1"]
[WhiteElo "2361"]
[BlackElo "2482"]
[PlyCount "86"]
[EventDate "2018.10.31"]
[EventRounds "9"]
[EventCountry "ENG"]

1. e4 c5 2. Nc3 Nc6 3. Bb5 Nd4 4. Bc4 Nf6 5. d3 a6 6. a4 e6 7. Nge2 d5 8. Ba2
dxe4 9. Nxe4 Nxe4 10. dxe4 Qa5+ 11. Nc3 Be7 12. O-O O-O 13. Bd2 Qc7 14. Ne2 Rd8
15. Ng3 Qd7 16. Ba5 Re8 17. c3 Nc6 18. Bb6 Ne5 19. a5 c4 20. Qh5 Qb5 21. Qe2
Bc5 22. Bc7 Nd3 23. Rab1 Qc6 24. Bb6 Bxb6 25. axb6 e5 26. b3 Nf4 27. Qe3 Be6
28. Rfd1 Red8 29. bxc4 g6 30. Rd5 f6 31. h4 Rac8 32. Bb3 Kg7 33. Kh2 Bxd5 34.
exd5 Qd7 35. f3 Qe7 36. Nf1 f5 37. g3 Nh5 38. Re1 Re8 39. Qf2 Nf6 40. Kg2 Qd6
41. Nd2 Re7 42. Ba4 Qa3 43. Bb3 a5  0-1

[Event "1st 4NCL International"]
[Site "Telford"]
[Date "2018.11.01"]
[Round "2"]
[Board "7"]
[White "Ravi, Teja S."]
[Black "Williams, Simon K"]
[Result "0-1"]
[WhiteElo "2357"]
[BlackElo "2457"]
[PlyCount "70"]
[EventDate "2018.10.31"]
[EventRounds "9"]
[EventCountry "ENG"]

1. d4 f5 2. Nf3 Nf6 3. g3 g6 4. Bg2 Bg7 5. O-O O-O 6. b3 d6 7. Bb2 Ne4 8. Nbd2
Nc6 9. Ne1 d5 10. e3 e5 11. Ndf3 exd4 12. exd4 f4 13. Ne5 Ng5 14. h4 Ne4 15.
N1d3 Nxe5 16. Nxe5 Be6 17. Qd3 Bf5 18. g4 Be6 19. c4 Bxe5 20. dxe5 Qxh4 21.
cxd5 f3 22. Bxf3 Ng5 23. Bg2 Rf3 24. Qxf3 Nxf3+ 25. Bxf3 Bxg4 26. Bg2 Bh3 27.
Bxh3 Qxh3 28. Rae1 Qg4+ 29. Kh2 Rf8 30. f3 Qf4+ 31. Kg2 Rf5 32. Bc3 Rh5 33. Rf2
Qg5+ 34. Kf1 Rh1+ 35. Ke2 Rxe1+  0-1

[Event "1st 4NCL International"]
[Site "Telford"]
[Date "2018.11.01"]
[Round "2"]
[Board "8"]
[White "Krishna, Crg"]
[Black "Gourlay, Iain"]
[Result "1-0"]
[WhiteElo "2445"]
[BlackElo "2358"]
[PlyCount "123"]
[EventDate "2018.10.31"]
[EventRounds "9"]
[EventCountry "ENG"]

1. c4 c6 2. e4 d5 3. exd5 cxd5 4. cxd5 Nf6 5. Nc3 Nxd5 6. Qb3 e6 7. Nf3 Be7 8.
d4 Nc6 9. Bd3 Ndb4 10. Be4 Nxd4 11. Nxd4 Qxd4 12. Be3 Qe5 13. O-O O-O 14. Rfe1
Qa5 15. a3 Nc6 16. Qc2 f5 17. b4 Qc7 18. Nb5 Qb8 19. Bxc6 bxc6 20. Qxc6 Qb7 21.
Qxb7 Bxb7 22. Nc7 Bf6 23. Rad1 Rac8 24. Nxe6 Rfe8 25. Bxa7 Ra8 26. Bd4 Bxd4 27.
Nxd4 Rxe1+ 28. Rxe1 Rxa3 29. Nxf5 Rb3 30. b5 g6 31. Nd6 Bd5 32. h3 Kg7 33. Re7+
Kf6 34. Rxh7 Ke5 35. Ne8 Rxb5 36. Re7+ Kf4 37. Nf6 Ba8 38. Ng4 Kf5 39. Kh2 g5
40. Kg3 Rb3+ 41. f3 Rb5 42. Re8 Bc6 43. Rf8+ Ke6 44. Rf6+ Kd7 45. Ne3 Re5 46.
Nf5 Bb5 47. Kg4 Bf1 48. Rd6+ Ke8 49. Rd2 Ba6 50. Ra2 Bc8 51. Ra8 Kd8 52. Rxc8+
Kxc8 53. Kxg5 Kd7 54. f4 Re8 55. g4 Rh8 56. Nh6 Ke7 57. f5 Ra8 58. f6+ Kf8 59.
h4 Ra5+ 60. Kg6 Ra4 61. h5 Rb4 62. g5  1-0

[Event "1st 4NCL International"]
[Site "Telford"]
[Date "2018.11.01"]
[Round "2"]
[Board "9"]
[White "Ross, Stuart"]
[Black "Arkell, Keith C"]
[Result "0-1"]
[WhiteElo "1608"]
[BlackElo "2436"]
[PlyCount "67"]
[EventDate "2018.10.31"]
[EventRounds "9"]
[EventCountry "ENG"]

1. e4 c6 2. d4 d5 3. Nc3 dxe4 4. Nxe4 Nd7 5. Ng5 Ngf6 6. Bd3 Nb6 7. N1f3 Bg4 8.
h3 Bxf3 9. Nxf3 g6 10. O-O Bg7 11. c3 O-O 12. Bf4 Nbd5 13. Be5 e6 14. Qd2 Re8
15. Rfe1 Nd7 16. Bg3 c5 17. dxc5 Nxc5 18. Rad1 Nxd3 19. Qxd3 Qb6 20. Qc2 Rac8
21. Qb3 Rc5 22. Qxb6 Nxb6 23. Be5 Rec8 24. Bd4 Bxd4 25. Rxd4 Nd5 26. Re5 b5 27.
a4 a6 28. Nd2 R5c7 29. Nf1 b4 30. cxb4 Rc1 31. Ree4 R8c2 32. b3 Nc3 33. Rd8+
Kg7 34. g3  0-1